Cấu tạo từ tiếng Anh Word Formation : cách xử lý của khoảng 300 tiếp đầu ngữ và tiếp vị ngữ trong tiếng Anh. khoảng 1500 ví dụ thực để cho thấy cách dùng thực tế...

সংরক্ষণ করুন:
গ্রন্থ-পঞ্জীর বিবরন
অন্যান্য লেখক: Nguyễn Thành Yến (dịch và chú giải)
বিন্যাস: গ্রন্থ
ভাষা:Vietnamese
প্রকাশিত: Tp.Hồ Chí Minh Nxb. Tp. Hồ Chí Minh [199?]
বিষয়গুলি:
ট্যাগগুলো: ট্যাগ যুক্ত করুন
কোনো ট্যাগ নেই, প্রথমজন হিসাবে ট্যাগ করুন!
Thư viện lưu trữ: Trung tâm Học liệu Lê Vũ Hùng, Trường Đại học Đồng Tháp
LEADER 00997pam a22002178a 4500
001 00024455
005 20210310100339.0
008 110719s[199 ||||||viesd
041 0 # |a vie 
082 1 4 |a 428  |b C125T 
245 0 0 |a Cấu tạo từ tiếng Anh  |b Word Formation : cách xử lý của khoảng 300 tiếp đầu ngữ và tiếp vị ngữ trong tiếng Anh. khoảng 1500 ví dụ thực để cho thấy cách dùng thực tế...  |c Nguyễn Thành Yến dịch và chú giải 
260 # # |a Tp.Hồ Chí Minh  |b Nxb. Tp. Hồ Chí Minh  |c [199?] 
300 # # |a 336 p.  |c 20 cm, 
650 # 4 |a Cấu tạo từ 
650 # 4 |a Tiếng anh 
700 1 # |a Nguyễn Thành Yến  |e dịch và chú giải 
852 # # |b Kho mượn  |j KM.0006920 
852 # # |b Kho đọc  |j KD.0008761 
852 # # |j KD.0008761  |j KM.0006920 
910 0 # |a Ntuyet  |d 19/07/2011 
980 # # |a Trung tâm Học liệu Lê Vũ Hùng, Trường Đại học Đồng Tháp